000 00702nam a2200277Ia 4500
003 OSt
005 20220912151450.0
006 a|||||r|||| 00| 0
007 ta
008 220909b |||||||| |||| 00| 0 eng d
024 _a47052
037 _cTextual
040 _aCSL
_beng
_cCSL
041 _aeng
082 _aE1, K9;3
100 _aDay M Clyde
245 0 _aTheoretical inorganic chemistry
250 _a2
260 _aNew York
_b Van Nostrand Renihold
_c1969
300 _a590p.
_ccm.
650 _a Inorganic chemistry
650 _aChemistry
700 _a Selbin Joel
942 _hE1, K9;3
_cTEXL
_2CC
999 _c69160
_d69160